Normal view MARC view

Entry Personal Name

Number of records used in: 1

001 - CONTROL NUMBER

  • control field: 59408

003 - CONTROL NUMBER IDENTIFIER

  • control field:

005 - DATE AND TIME OF LATEST TRANSACTION

  • control field: 20240926214413.0

008 - FIXED-LENGTH DATA ELEMENTS

  • fixed length control field: 240926|| aca||aabn | a|a d

040 ## - CATALOGING SOURCE

  • Original cataloging agency:
  • Transcribing agency:

100 ## - HEADING--PERSONAL NAME

  • Personal name: Wettlin, Margaret

670 ## - SOURCE DATA FOUND

  • Source citation: Work cat.: ()23444: GORKIY, Maksim 1868-1936 aut 59405, The life of Matvei Kozhemyakin /, 1961

National Library of Nigeria OPAC is powered by Koha